000 01016nam a2200265 a 4500
001 BRCA_731
005 20190320203126.0
008 860701m19851986mx-a---##b---s000-0cspa-#
020 _a9688160598 (v.1)
020 _a9688160636 (v.2)
040 _aDLC
_cDLC
_dDLC
050 4 _aF1386
_b.D57 9-10
_c1985
100 1 _aCastañeda Iturbide, Jaime
_92407
245 1 0 _aGobernantes de la Nueva España
_cpor Jaime Castañeda Iturbide.
260 _aMéxico
_bDepartamento del Distrito Federal : Desarrollo Social Socicultur
_c1985-1986
300 _a2 v.
_bil. (algunas a color)
_c21 cm.
440 0 _aColección Distrito Federal
_v9-10
_92408
504 _aIncluye referencias bibliográficas
505 0 _aContenido: v.1. 1535-1696. -- v.2. 1696-1821
650 1 4 _aGobernantes
_vBiografías
_zMéxico
_92409
650 1 4 _aAdministradores coloniales
_vBiografías
_zMéxico
_92410
651 4 _aMéxico
_vBiografías
_92411
651 4 _aMéxico
_vBiografías
_xHistoria
_yColonia española, 1540-1810
_92412
942 _2lcc
_cB
999 _c631
_d631